000 00321nam a2200133 a 4500
005 20140414131927.0
008 101027s19uu xx 00 eng d
020 _a
050 _aER
_bL55 2000
100 _aPapineau, Lucie
245 _aLeonardo the lion cub.
260 _bDominique Payette,
_c2000.
999 _c112092
_d112092